The privatisation of public space (Record no. 105290)

MARC details
000 -LEADER
fixed length control field 01027cam a2200205 4500
001 - CONTROL NUMBER
control field ##L132951
008 - FIXED-LENGTH DATA ELEMENTS--GENERAL INFORMATION
fixed length control field 060324n2006 000 0 eng u
035 ## - SYSTEM CONTROL NUMBER
System control number (Sirsi) u132951
041 0# - LANGUAGE CODE
Language code of text/sound track or separate title eng
050 04 - LIBRARY OF CONGRESS CALL NUMBER
Classification number 333.332 $2 18
100 1# - MAIN ENTRY--PERSONAL NAME
Personal name Minton, Anna
245 04 - TITLE STATEMENT
Title The privatisation of public space
260 ## - PUBLICATION, DISTRIBUTION, ETC.
Place of publication, distribution, etc. London
Name of publisher, distributor, etc. RICS
Date of publication, distribution, etc. 2006
300 ## - PHYSICAL DESCRIPTION
Extent 34p.
Other physical details ill.
Dimensions 30cm.
520 ## - SUMMARY, ETC.
Summary, etc. Looks at the growing ownership and management of the public realm and argues that a quiet revolution in land ownership, replicating Victorian patterns, is just beginning. It is a sequel to "Building balanced communities" (ISBN 1842191098), a report published by RICS in 2002 which compared American trends toward the spread of gated communities and ghettoes with the growing British phenomenon of hot spots of affluence and cold spots of exclusion.
590 ## - LOCAL NOTE (RLIN)
Local note IKA280306
690 ## - LOCAL SUBJECT ADDED ENTRY--TOPICAL TERM (OCLC, RLIN)
Topical term or geographic name as entry element Block management
9 (RLIN) 6220
856 40 - ELECTRONIC LOCATION AND ACCESS
Host name http://www.annaminton.com/Privatepublicspace.pdf
Public note View the item free of charge at www.annaminton.com
942 ## - ADDED ENTRY ELEMENTS (KOHA)
Suppress in OPAC 0
Holdings
Withdrawn status Lost status Source of classification or shelving scheme Damaged status Not for loan Home library Current library Shelving location Date acquired Total Checkouts Full call number Barcode Date last seen Copy number Price effective from Koha item type Date last checked out
    Dewey Decimal Classification     London London RICS Boxes 22/08/2006   RICS 2006/26 30072455 06/08/2019 1 06/08/2019 Reference material  
    Dewey Decimal Classification     London London RICS Boxes 22/08/2006   RICS 2006/26 30072452 06/08/2019 2 06/08/2019 Reference material  
    Dewey Decimal Classification     London London RICS Boxes 22/08/2006 1 RICS 2006/26 30072453 06/08/2019 3 06/08/2019 Book 26/10/2009
    Dewey Decimal Classification     Virtual Virtual Online 24/03/2006   ONLINE PUBLICATION 132951-4001 06/08/2019 1 06/08/2019 Book